000 00528cam a2200169 4500
001 D10169
008 090401t xxu||||| |||| 00| 0 eng d
035 _a(Sirsi) u94311
041 _aeng
050 _a333.33023
100 _aBaker, M.P.L.
245 4 _aThe modern market place for estate agency: the need for research, communications and use of effective technology
350 _a0
520 _aIn RICS Annual conference 1984. 4 - 7 October, Viking Hotel, York. (Paper 4). 1984/45 ABC
942 _n0
948 _c04/03/1997
999 _c97977
_d97977